| 000 | 00377nam a2200157Ia 4500 | ||
|---|---|---|---|
| 100 | _aRashid/Muhammad H | ||
| 650 | _aMicroelectronics circuits | ||
| 942 | _cBK | ||
| 366 | _f15 | ||
| 654 | _amicroelectronic | ||
| 245 | _aMircroelectronic circuits:Analysis and design | ||
| 260 |
_bP.W.S pub co _c1999 |
||
| 082 |
_a621.3815/RAS _bRAS |
||
| 300 | _a990 | ||
| 546 | _aENGLISH | ||
| 999 |
_c27417 _d27417 |
||